000 00478nam a22001577a 4500
005 20231027130905.0
008 231027b |||||||| |||| 00| 0 eng d
041 _aEnglish
082 _a347.7 COL
100 _aColman, G
_lEnglish
245 _aCross-Examination A Practical Handbook /
_cG Colman
260 _aCape Town :
_bJuta and Company Ltd,
_c1970
300 _bv, 167 pages ;
_c22,5 cm.
650 _aLegal practice
_bLaw
942 _cBK
_6ALISON_BN_VRIES
999 _c121
_d121